00637nam a2200181 a 450000100100000000500170001000800410002702000180006804000250008610000300011124500910014126000610023230000210029349000310031470000390034571000400038483000310042400004213320201002035947.0131114s2009 gt 000 0 spa d a9789992212752 aDO-SdBNPbspacBNPHU1 aMonteforte Toledo, Mario.10aLos desencontrados /cMario Monteforte Toledo; edición José Luis Perdomo Orellana. aGuatemala :bFundación Maria Monteporte Toledo,c2009. a229 p. ;c22 cm.1 aMario Monteforte Toledov81 aPerdomo Orellana, José Luiseed.2 aFundación Maria Monteporte Toledo 0aMario Monteforte Toledov8